Normal view MARC view
  • Ian Talbot

Entry Personal Name

Number of records used in: 3

001 - CONTROL NUMBER

  • control field: 13516

003 - CONTROL NUMBER IDENTIFIER

  • control field: NUST

005 - DATE AND TIME OF LATEST TRANSACTION

  • control field: 20190125131803.0

008 - FIXED-LENGTH DATA ELEMENTS

  • fixed length control field: 190125|| aca||aabn | a|a d

040 ## - CATALOGING SOURCE

  • Original cataloging agency: NUST
  • Transcribing agency: NUST

100 ## - HEADING--PERSONAL NAME

  • Personal name: Ian Talbot

670 ## - SOURCE DATA FOUND

  • Source citation: Work cat.: (NUST): Ian Talbot, Divided Cities Partition and its Aftermath in Lahore and Amritsar 1947-1957
© 2023 Central Library, National University of Sciences and Technology. All Rights Reserved.